ILLIT Cherish (My Love) English Lyrics (Kpop) - Statistics

General Stats
  • This quiz has been taken 47 times
    31 since last reset
  • The average score is 150 of 164
Answer Stats
Answer % Correct
a
100%
can
100%
ch-
100%
cherish
100%
diamond
100%
I
100%
love
100%
love)
100%
me
100%
my
100%
(my
100%
not
100%
you
100%
boy,
93%
boy
93%
even
93%
god
93%
I'm
93%
know
93%
like
93%
myself
93%
stop
93%
what?
93%
all
86%
am
86%
can't
86%
crush
86%
selfish?
86%
if
79%
I'll
79%
oh
79%
or
79%
wish
79%
that's
71%
gotta
64%
on
64%
make
57%
cherry
50%
higher
50%
top
50%
wanna
50%
'cause
43%
mine
43%
way
43%
you're
43%
No matching quizzes found
Score Distribution
Percent of People with Each Score
Percentile by Number Answered
Your Score History
You have not taken this quiz since the last reset